000 00946nam a2200277 i 4500
001 bg
100 1 _aSWIFT, Penny
245 1 0 _aJak zbudować patio, garaż, grill... oraz wiele innych obiektów niezbędnych w ogrodzie :
_bkonstrukcje murowane /
_cPenny Swift, Janek Szymanowski ; [tł. z ang. Paul Newbery].
246 _iTyt. oryg.:
_aStep by step outdoor brickwork
260 _aWarszawa :
_b"Arkady",
_c1998.
300 _a95, [1] s. :
_bfot. kolor., rys. ;
_c29 cm.
500 _aOryg. : "Step by step outdoor brickwork" 1991.
504 _aIndeks.
650 9 _aArchitektura ogrodowa
650 9 _aKonstrukcje murowe
650 9 _aOgródki działkowe i przydomowe
_xurządzenia
655 _aPoradniki
700 1 _aSZYMANOWSKI, Janek
020 _a8321339816
040 _cBPK
041 1 _apl
_hen
080 _a712.24:728.9:692.2
920 _a83-213-3981-6
942 _cKS
008 s pl f |000 0 pol
999 _c33644
_d33644
856 _uhttp://koha.tu.koszalin.pl/cgi-bin/koha/opac-detail.pl?biblionumber=33644
_yKatalog online BPK